[Event "World Blitz Championship"]
[Site "Almaty KAZ"]
[Date "2022.12.30"]
[Round "17.5"]
[White "Daniil Dubov"]
[Black "Alexey Sarana"]
[Result "0-1"]
[EventDate "2022.12.29"]
[WhiteElo "2708"]
[BlackElo "2668"]
[PlyCount "120"]

1. d4 d5 2. Nf3 Nf6 3. c4 e6 4. g3 Bb4+ 5. Nbd2 dxc4 6. Bg2 O-O 7. O-O b5 8. Ne5 Nd5 9. Qc2 Bb7 10. b3 cxb3 11. Nxb3 a5 12. Nd3 Be7 13. Bd2 b4 14. Nbc5 Bc6 15. Rfd1 Bb5 16. e4 Nb6 17. d5 exd5 18. exd5 Bd6 19. Rac1 N8d7 20. Ne4 Ba4 21. Qb1 Bxd1 22. Rxd1 Nc4 23. Bc1 Re8 24. Qc2 Nce5 25. Bg5 f6 26. Be3 Nxd3 27. Qxd3 Ne5 28. Qc2 Qd7 29. Rc1 a4 30. Nd2 f5 31. h3 Qf7 32. Bd4 f4 33. Ne4 fxg3 34. f4 Ng6 35. Rf1 Nh4 36. Ng5 Qh5 37. Be4 g2 38. Rf2 Rxe4 39. Nxe4 Re8 40. Qd3 Rxe4 41. f5 Rf4 42. Rxf4 Bxf4 43. d6 Bxd6 44. Qc4+ Qf7 45. Qc6 Nxf5 46. Bf2 h6 47. Qxa4 Qd5 48. Qe8+ Kh7 49. Qe2 c5 50. h4 c4 51. h5 c3 52. Qg4 Kg8 53. Qe2 Qe5 54. Qc4+ Kh7 55. Kxg2 Qh2+ 56. Kf1 Qxh5 57. Qd3 Qg6 58. Qc4 h5 59. Qd5 Qg4 60. Qe6 Ng3+ 0-1

[Event "World Blitz Championship"]
[Site "Almaty KAZ"]
[Date "2022.12.30"]
[Round "18.6"]
[White "Tuan Minh Le"]
[Black "Daniil Dubov"]
[Result "0-1"]
[EventDate "2022.12.29"]
[WhiteElo "2542"]
[BlackElo "2708"]
[PlyCount "74"]

1. d4 d5 2. Nf3 Nf6 3. Bf4 g6 4. e3 Bg7 5. h3 O-O 6. Be2 c5 7. c3 b6 8. O-O Nc6 9. Nbd2 Nd7 10. Qa4 Bb7 11. Rfd1 a6 12. Rac1 e6 13. Qc2 Qe7 14. Bg3 Rac8 15. Qb1 b5 16. Nb3 Rfe8 17. Bh4 Qf8 18. Nxc5 Nxc5 19. dxc5 Qxc5 20. Nd2 Ne7 21. Bd3 Qb6 22. Nf3 Nc6 23. e4 d4 24. cxd4 Nxd4 25. Nxd4 Bxd4 26. Rxc8 Rxc8 27. Rc1 Rxc1+ 28. Qxc1 Qd6 29. Qd2 Be5 30. Bg5 Qd4 31. Qe2 Qxb2 32. Qf1 Qxa2 33. f4 Bd4+ 34. Kh2 Qa1 35. Qf3 Qg1+ 36. Kg3 Qe1+ 37. Kh2 Bg1+ 0-1

[Event "World Blitz Championship"]
[Site "Almaty KAZ"]
[Date "2022.12.30"]
[Round "19.5"]
[White "Daniil Dubov"]
[Black "Dmitry Andreikin"]
[Result "1/2-1/2"]
[EventDate "2022.12.29"]
[WhiteElo "2708"]
[BlackElo "2729"]
[PlyCount "38"]

1. d4 d5 2. c4 e6 3. Nf3 Nf6 4. g3 Bb4+ 5. Bd2 Be7 6. Bg2 O-O 7. Qc2 c6 8. Bf4 b6 9. Nbd2 Bb7 10. e4 Nxe4 11. Nxe4 dxe4 12. Qxe4 Nd7 13. O-O Nf6 14. Qe2 c5 15. Rad1 cxd4 16. Nxd4 Qc8 17. b3 a6 18. Rd2 Bb4 19. Rd3 Re8 1/2-1/2

[Event "World Blitz Championship"]
[Site "Almaty KAZ"]
[Date "2022.12.30"]
[Round "20.6"]
[White "Daniil Dubov"]
[Black "Richard Rapport"]
[Result "1/2-1/2"]
[EventDate "2022.12.29"]
[WhiteElo "2708"]
[BlackElo "2740"]
[PlyCount "28"]

1. d4 e6 2. Nf3 Nf6 3. Bg5 h6 4. Bxf6 Qxf6 5. e4 d6 6. c3 Nd7 7. Na3 a6 8. Nc2 g6 9. Ne3 Bg7 10. Bd3 Qe7 11. O-O b6 12. a4 Bb7 13. Re1 O-O 14. Qc2 Nf6 1/2-1/2

[Event "World Blitz Championship"]
[Site "Almaty KAZ"]
[Date "2022.12.30"]
[Round "21.5"]
[White "Ian Nepomniachtchi"]
[Black "Daniil Dubov"]
[Result "0-1"]
[EventDate "2022.12.29"]
[WhiteElo "2793"]
[BlackElo "2708"]
[PlyCount "54"]

1. e4 c5 2. Nf3 e6 3. d4 cxd4 4. Nxd4 Nf6 5. Nc3 Nc6 6. Ndb5 Bc5 7. Nd6+ Ke7 8. Bf4 e5 9. Nf5+ Kf8 10. Bg5 Bb4 11. Bc4 d5 12. Bxf6 Qxf6 13. Bxd5 Bxf5 14. exf5 Rd8 15. a3 Ba5 16. b4 Bb6 17. O-O Bd4 18. Ne4 Qxf5 19. Bxc6 bxc6 20. Qd2 Qxe4 21. Rae1 Qf5 22. a4 h5 23. c3 Bb6 24. Qe2 h4 25. a5 Bc7 26. Qa6 h3 27. Qxc6 0-1

[Event "World Blitz Championship"]
[Site "Almaty KAZ"]
[Date "2022.12.29"]
[Round "1.6"]
[White "Daniil Dubov"]
[Black "M Amin Tabatabaei"]
[Result "1/2-1/2"]
[EventDate "2022.12.29"]
[WhiteElo "2708"]
[BlackElo "2660"]
[PlyCount "142"]

1. d4 d5 2. c4 e6 3. Nc3 Nf6 4. cxd5 exd5 5. Bg5 c6 6. e3 Bf5 7. Bd3 Bxd3 8. Qxd3 Nbd7 9. Nge2 Be7 10. O-O O-O 11. f3 Re8 12. Bh4 a5 13. Rac1 a4 14. Bf2 Bf8 15. g4 g6 16. Ng3 h6 17. Kg2 Bd6 18. h3 b5 19. Nce2 c5 20. dxc5 Nxc5 21. Qd2 Rc8 22. Nd4 Qd7 23. Rfd1 Ne6 24. Nge2 Nxd4 25. Nxd4 Be5 26. Qd3 b4 27. Be1 h5 28. g5 Nh7 29. h4 b3 30. axb3 axb3 31. Rxc8 Rxc8 32. Qxb3 Rb8 33. Qc2 Rc8 34. Bc3 Nf8 35. Qd3 Ne6 36. Nxe6 Qxe6 37. Qxd5 Qxd5 38. Rxd5 Bxc3 39. bxc3 Rxc3 40. e4 Rc2+ 41. Kg3 Rc1 42. Rd2 Rg1+ 43. Rg2 Rh1 44. Rh2 Ra1 45. Kf4 Kg7 46. Rf2 Rh1 47. Kg3 Rg1+ 48. Kh2 Re1 49. Kg2 Kg8 50. Rf1 Re2+ 51. Kg3 Kg7 52. Rb1 Ra2 53. Rb7 Ra1 54. Kg2 Ra2+ 55. Kg3 Ra1 56. Rb2 Rg1+ 57. Kh2 Ra1 58. Re2 Kg8 59. Kg2 Kg7 60. f4 Ra3 61. f5 gxf5 62. exf5 Ra5 63. f6+ Kg6 64. Re8 Ra4 65. Kg3 Kf5 66. Rf8 Ra7 67. Rh8 Ra3+ 68. Kf2 Kg4 69. Rh7 Kxh4 70. Rxf7 Kxg5 71. Rf8 1/2-1/2

[Event "World Blitz Championship"]
[Site "Almaty KAZ"]
[Date "2022.12.29"]
[Round "2.38"]
[White "Nikita Petrov"]
[Black "Daniil Dubov"]
[Result "1/2-1/2"]
[EventDate "2022.12.29"]
[WhiteElo "2537"]
[BlackElo "2708"]
[PlyCount "54"]

1. d4 Nf6 2. Bg5 d5 3. e3 Ne4 4. Bf4 Bf5 5. Nd2 e6 6. Bd3 Nxd2 7. Qxd2 Bxd3 8. Qxd3 Nd7 9. Nf3 Be7 10. O-O O-O 11. c4 c6 12. h3 a6 13. Rfc1 Re8 14. Rab1 Rc8 15. Ne5 Nxe5 16. Bxe5 Bf6 17. Bxf6 Qxf6 18. b4 h5 19. a4 h4 20. cxd5 exd5 21. b5 axb5 22. axb5 Re6 23. bxc6 bxc6 24. Qd1 Qg5 25. Qg4 Qxg4 26. hxg4 Re4 27. Rb6 1/2-1/2

[Event "World Blitz Championship"]
[Site "Almaty KAZ"]
[Date "2022.12.29"]
[Round "3.27"]
[White "Daniil Dubov"]
[Black "SL Narayanan"]
[Result "1-0"]
[EventDate "2022.12.29"]
[WhiteElo "2708"]
[BlackElo "2669"]
[PlyCount "248"]

1. d4 Nf6 2. Nf3 d5 3. c4 e6 4. g3 dxc4 5. Bg2 c6 6. O-O b5 7. Ne5 Bb7 8. b3 cxb3 9. axb3 Nfd7 10. Nd3 Be7 11. Nc3 b4 12. Ne4 O-O 13. Bf4 a5 14. Qc2 Na6 15. Rfd1 Nc7 16. Nec5 Nxc5 17. Nxc5 Bxc5 18. dxc5 Qc8 19. Bd6 Re8 20. Bh3 Nb5 21. e4 Nc3 22. Rd2 Ba6 23. e5 Bb5 24. Qb2 Qb7 25. Bg2 a4 26. bxa4 Rxa4 27. Rxa4 Bxa4 28. Rd4 Nd5 29. Bxd5 exd5 30. Rxb4 Bb5 31. Rg4 Ba6 32. Qa1 Bd3 33. e6 f6 34. e7 Ra8 35. Ra4 Re8 36. Ra7 Qb3 37. Ra8 Bg6 38. h4 h5 39. Ra3 Qc4 40. Ra4 Qd3 41. Rd4 Qf3 42. Qa4 Be4 43. Rxe4 Qxe4 44. Qxc6 Qe1+ 45. Kg2 Qe4+ 46. Kh2 Kf7 47. Qb7 Qf3 48. Kg1 Qd1+ 49. Kg2 Qd3 50. c6 Qe4+ 51. Kh2 d4 52. Qb5 g6 53. c7 Qe6 54. Bb4 Qf5 55. Qc4+ Qe6 56. Qxd4 Qc6 57. Bd6 Qd7 58. Qd5+ Qe6 59. Qc5 Qd7 60. Kg1 Qe6 61. Qc6 Qe1+ 62. Kg2 Qe6 63. Kh2 Qf5 64. Bf4 Qe6 65. Qc5 Qd7 66. Bd6 Qe6 67. Qb6 Qf5 68. Qb3+ Qe6 69. Qd3 Qd7 70. Kg1 Qe6 71. Kf1 Qh3+ 72. Kg1 Qe6 73. Qd4 Qe1+ 74. Kg2 Qe6 75. Qc5 Qe4+ 76. Kh2 Qe6 77. Bf4 Qd7 78. Qc4+ Qe6 79. Qc2 Qd7 80. Qb3+ Qe6 81. Qd3 Qg4 82. Qd8 Qe6 83. Kg1 Qe1+ 84. Kg2 Qe4+ 85. Kh2 Qe6 86. Qb8 Qd7 87. Qb3+ Qe6 88. Qc3 Qd7 89. Bc1 Kxe7 90. Qc4 Qe6 91. Ba3+ Kf7 92. Qd4 Qf5 93. Qa7 Qd7 94. Qc5 Qe6 95. Qc3 Qd7 96. Bb4 Qf5 97. Qc4+ Qe6 98. Qc1 Kg7 99. Qd2 Qf5 100. Bc3 Kf7 101. Kg1 Qe6 102. Qd4 Rc8 103. Qd8 Qf5 104. Bxf6 Rxc7 105. Qxc7+ Kxf6 106. Qd6+ Kf7 107. Qf4 Qxf4 108. gxf4 Ke6 109. Kg2 Kf6 110. Kg3 Ke6 111. Kg2 Kf6 112. f3 Ke6 113. Kf2 Kf6 114. Ke2 Ke6 115. Kd3 Kd5 116. Ke3 Kd6 117. Kd4 Ke6 118. Ke4 Kf6 119. f5 g5 120. hxg5+ Kxg5 121. Ke5 h4 122. f6 Kg6 123. Ke6 h3 124. f7 1-0

[Event "World Blitz Championship"]
[Site "Almaty KAZ"]
[Date "2022.12.29"]
[Round "4.13"]
[White "Daniil Dubov"]
[Black "Bardiya Daneshvar"]
[Result "1-0"]
[EventDate "2022.12.29"]
[WhiteElo "2708"]
[BlackElo "2500"]
[PlyCount "122"]

1. e4 c5 2. Nf3 e6 3. d4 cxd4 4. Nxd4 Nc6 5. Nb5 d6 6. c4 a6 7. N5a3 Nf6 8. Nc3 Be7 9. Be2 O-O 10. O-O b6 11. Be3 Bb7 12. Qb3 Nd7 13. Rad1 Rb8 14. Rd2 Nc5 15. Qd1 Qc7 16. f3 Ba8 17. Kh1 Rfd8 18. Qb1 Bf8 19. Rfd1 Qe7 20. Nc2 Qh4 21. Nd4 Nxd4 22. Rxd4 Qf6 23. Qc1 h6 24. R4d2 Nd7 25. Bd4 Qh4 26. Bf1 Rdc8 27. Qb1 Ne5 28. b3 Be7 29. Na4 Nd7 30. Bf2 Qh5 31. Bg3 b5 32. Bxd6 Bxd6 33. Rxd6 Ne5 34. Nb6 Rf8 35. c5 b4 36. Qb2 a5 37. Qf2 Bb7 38. Qg3 Rfe8 39. Bb5 Re7 40. R6d2 Rf8 41. f4 Ng6 42. Nd7 Rc8 43. Be2 Qh4 44. Qxh4 Nxh4 45. Rd4 Rc7 46. Kg1 g5 47. g3 Ng6 48. fxg5 hxg5 49. Bb5 Kg7 50. R1d2 f5 51. e5 f4 52. Rd6 Bd5 53. c6 fxg3 54. hxg3 Rf7 55. Rf2 Ne7 56. Nf6 Bxc6 57. Nh5+ Kg6 58. Bd3+ Nf5 59. g4 Bd5 60. Rxf5 Rc1+ 61. Rf1+ 1-0

[Event "World Blitz Championship"]
[Site "Almaty KAZ"]
[Date "2022.12.29"]
[Round "5.8"]
[White "Aleksandr Shimanov"]
[Black "Daniil Dubov"]
[Result "0-1"]
[EventDate "2022.12.29"]
[WhiteElo "2581"]
[BlackElo "2708"]
[PlyCount "78"]

1. e4 c5 2. Nf3 e6 3. c3 d5 4. exd5 exd5 5. d4 Nc6 6. Bb5 Bd6 7. dxc5 Bxc5 8. O-O Ne7 9. Nbd2 O-O 10. Nb3 Bb6 11. Re1 Nf5 12. Bf4 Bxf2+ 13. Kxf2 Qb6+ 14. Nbd4 Ncxd4 15. Nxd4 Nxd4 16. Qxd4 Qxb5 17. Re2 Bg4 18. Rd2 Rfe8 19. Re1 Rxe1 20. Kxe1 Re8+ 21. Kf2 h5 22. h3 Bf5 23. Qxa7 Be4 24. Qd4 Re6 25. Kg1 Rg6 26. Rf2 Qc6 27. Kh2 b5 28. b3 Qa8 29. a4 bxa4 30. Qxa4 Qb7 31. Qe8+ Kh7 32. Qe5 d4 33. Qxh5+ Kg8 34. cxd4 Bxg2 35. Qd1 Bd5 36. Qd3 Qd7 37. Bg3 Rh6 38. h4 Qg4 39. Qe3 Rxh4+ 0-1

[Event "World Blitz Championship"]
[Site "Almaty KAZ"]
[Date "2022.12.29"]
[Round "6.4"]
[White "Daniil Dubov"]
[Black "Tigran L Petrosian"]
[Result "1-0"]
[EventDate "2022.12.29"]
[WhiteElo "2708"]
[BlackElo "2551"]
[PlyCount "38"]

1. e4 g6 2. d4 Bg7 3. Nc3 d6 4. Nf3 a6 5. Bc4 b5 6. Bb3 e6 7. a4 b4 8. Ne2 Bb7 9. Ng3 Ne7 10. h4 h6 11. c3 Nbc6 12. a5 bxc3 13. bxc3 Rb8 14. Bc2 Na7 15. Be3 d5 16. e5 Nb5 17. Qd2 c5 18. O-O Nc6 19. h5 g5 1-0

[Event "World Blitz Championship"]
[Site "Almaty KAZ"]
[Date "2022.12.29"]
[Round "7.3"]
[White "Matthias Bluebaum"]
[Black "Daniil Dubov"]
[Result "0-1"]
[EventDate "2022.12.29"]
[WhiteElo "2657"]
[BlackElo "2708"]
[PlyCount "64"]

1. d4 Nf6 2. c4 e6 3. Nc3 d5 4. cxd5 exd5 5. Bg5 Be7 6. e3 O-O 7. Bd3 Re8 8. Nge2 c6 9. O-O a5 10. Qc2 g6 11. Rad1 Na6 12. a3 Nc7 13. f3 Ne6 14. Bh4 b5 15. Kh1 Ng7 16. e4 b4 17. axb4 axb4 18. Na4 dxe4 19. fxe4 Ng4 20. Bxe7 Qxe7 21. Nb6 Qc7 22. e5 Qxb6 23. Qc1 Ba6 24. h3 Bxd3 25. Rxd3 Qb5 26. Nf4 Nh6 27. g4 g5 28. Rdf3 gxf4 29. Qxf4 Re6 30. Qe3 Qd5 31. Kh2 Rd8 32. Rf4 c5 0-1

[Event "World Blitz Championship"]
[Site "Almaty KAZ"]
[Date "2022.12.29"]
[Round "8.2"]
[White "Vladimir3 Fedoseev"]
[Black "Daniil Dubov"]
[Result "1/2-1/2"]
[EventDate "2022.12.29"]
[WhiteElo "2688"]
[BlackElo "2708"]
[PlyCount "28"]

1. d4 Nf6 2. c4 e6 3. Nf3 d5 4. Nc3 Be7 5. Bg5 h6 6. Bh4 O-O 7. e3 b6 8. cxd5 Nxd5 9. Bxe7 Qxe7 10. Nxd5 exd5 11. Be2 Be6 12. O-O c5 13. dxc5 bxc5 14. Qa4 Nd7 1/2-1/2

[Event "World Blitz Championship"]
[Site "Almaty KAZ"]
[Date "2022.12.29"]
[Round "10.3"]
[White "Denis Kadric"]
[Black "Daniil Dubov"]
[Result "0-1"]
[EventDate "2022.12.29"]
[WhiteElo "2584"]
[BlackElo "2708"]
[PlyCount "102"]

1. e4 c5 2. Nc3 e6 3. Nf3 Nc6 4. d4 cxd4 5. Nxd4 Nf6 6. Ndb5 Bc5 7. Bf4 O-O 8. Bc7 Qe7 9. Bd6 Bxd6 10. Qxd6 Ne8 11. Qxe7 Nxe7 12. O-O-O f5 13. exf5 Nxf5 14. Bd3 a6 15. Bxf5 Rxf5 16. Nd6 Nxd6 17. Rxd6 Rxf2 18. g3 Kf8 19. Ne4 Rf5 20. Rhd1 Ke7 21. c4 b5 22. c5 Ra7 23. b4 a5 24. a3 axb4 25. axb4 Ra1+ 26. Kb2 Rxd1 27. Rxd1 Bb7 28. Nd6 Rf2+ 29. Kc3 Bc6 30. Rd2 Rf3+ 31. Rd3 Rf1 32. Rd2 g5 33. Nc8+ Kd8 34. Nd6 h5 35. Kd4 Ke7 36. Kc3 e5 37. Nc8+ Kf7 38. Na7 Rf3+ 39. Kb2 e4 40. Nxc6 dxc6 41. Kc2 e3 42. Rd7+ Ke8 43. Rd6 Rf2+ 44. Kd3 Rd2+ 45. Kxe3 Rxd6 46. cxd6 Kd7 47. h4 g4 48. Kf4 Kxd6 49. Kg5 c5 50. bxc5+ Kxc5 51. Kxh5 b4 0-1

[Event "World Blitz Championship"]
[Site "Almaty KAZ"]
[Date "2022.12.29"]
[Round "11.1"]
[White "Daniil Dubov"]
[Black "Magnus Carlsen"]
[Result "1/2-1/2"]
[EventDate "2022.12.29"]
[WhiteElo "2708"]
[BlackElo "2859"]
[PlyCount "60"]

1. d4 Nf6 2. Nf3 e6 3. g3 b5 4. Bg2 Bb7 5. O-O c5 6. c3 Be7 7. Bg5 Na6 8. Nbd2 O-O 9. a3 cxd4 10. cxd4 h6 11. Bxf6 Bxf6 12. e3 Qb6 13. Qe2 Rac8 14. Rfc1 Nc7 15. Ne1 Bxg2 16. Kxg2 Nd5 17. Nd3 Be7 18. Ne4 d6 19. Qf3 a5 20. h4 Qb8 21. Kg1 Rxc1+ 22. Rxc1 Rc8 23. Qd1 Nb6 24. Nc3 Nc4 25. a4 bxa4 26. Nxa4 d5 27. b3 Nd6 28. Nac5 Qb5 29. Rc2 Nb7 30. Nxb7 1/2-1/2

[Event "World Rapid Championship"]
[Site "Almaty KAZ"]
[Date "2022.12.28"]
[Round "12.4"]
[White "Richard Rapport"]
[Black "Daniil Dubov"]
[Result "1/2-1/2"]
[EventDate "2022.12.26"]
[WhiteElo "2740"]
[BlackElo "2708"]
[PlyCount "110"]

1. e4 c5 2. Nf3 e6 3. d3 Nc6 4. g3 d5 5. Nbd2 g6 6. Bg2 Bg7 7. O-O Nge7 8. Re1 O-O 9. e5 f6 10. exf6 Bxf6 11. c3 Nf5 12. Nb3 b6 13. d4 cxd4 14. Nbxd4 Nfxd4 15. Nxd4 Nxd4 16. cxd4 Bd7 17. Bh6 Rf7 18. Bh3 Qe7 19. Qd2 Rc8 20. Rac1 Rxc1 21. Rxc1 e5 22. Bxd7 Qxd7 23. dxe5 Bxe5 24. Qxd5 Bg7 25. Qxd7 Rxd7 26. Rc8+ Kf7 27. Bxg7 Kxg7 28. Ra8 Kh6 29. Kg2 Kg5 30. h4+ Kf5 31. Kf3 Rd3+ 32. Ke2 Rd7 33. f3 h5 34. Rf8+ Ke5 35. Re8+ Kf5 36. Re4 Rd5 37. Ra4 a5 38. g4+ hxg4 39. fxg4+ Ke5 40. b3 Rd6 41. Rc4 b5 42. Rc5+ Kf4 43. g5 Rb6 44. a4 bxa4 45. bxa4 Rb4 46. Rxa5 Kg4 47. Kd3 Kxh4 48. Kc2 Rf4 49. Kc3 Rf3+ 50. Kd4 Rf4+ 51. Kd3 Rb4 52. Ke3 Kg4 53. Kd2 Kh4 54. Kc3 Rf4 55. Kb3 Rf3+ 1/2-1/2

[Event "World Rapid Championship"]
[Site "Almaty KAZ"]
[Date "2022.12.28"]
[Round "13.4"]
[White "Daniil Dubov"]
[Black "Vladimir3 Fedoseev"]
[Result "1/2-1/2"]
[EventDate "2022.12.26"]
[WhiteElo "2708"]
[BlackElo "2688"]
[PlyCount "36"]

1. d4 d5 2. Nf3 Nf6 3. c4 c6 4. Nc3 e6 5. Bg5 h6 6. Bxf6 Qxf6 7. e3 Nd7 8. Be2 Qd8 9. O-O Be7 10. Qc2 O-O 11. Rac1 a6 12. Rfd1 Ra7 13. Bd3 b6 14. Ne2 Bd6 15. a3 Qe7 16. Ng3 Rc7 17. Qe2 dxc4 18. Bxc4 b5 1/2-1/2

[Event "World Rapid Championship"]
[Site "Almaty KAZ"]
[Date "2022.12.27"]
[Round "6.14"]
[White "Rauf Mamedov"]
[Black "Daniil Dubov"]
[Result "0-1"]
[EventDate "2022.12.26"]
[WhiteElo "2646"]
[BlackElo "2708"]
[PlyCount "114"]

1. e4 c5 2. c3 e6 3. Nf3 d5 4. exd5 exd5 5. d4 Nc6 6. Bb5 Bd6 7. O-O Ne7 8. dxc5 Bxc5 9. Nbd2 O-O 10. Nb3 Bb6 11. Bd3 h6 12. Bf4 Bg4 13. h3 Bh5 14. Be2 Re8 15. Re1 Ng6 16. Bg3 Qd7 17. Nfd4 Bxe2 18. Rxe2 Rxe2 19. Qxe2 Nxd4 20. Nxd4 Bxd4 21. cxd4 Re8 22. Qd2 Ne7 23. Rc1 Nc6 24. f3 Qf5 25. Bf2 a6 26. a4 Re6 27. b4 b5 28. axb5 axb5 29. Rc5 Ne7 30. Qc2 Qxc2 31. Rxc2 Rc6 32. Re2 Rc1+ 33. Kh2 Nc6 34. Re8+ Kh7 35. Rc8 Rc2 36. Kg1 Rc1+ 37. Kh2 Rc2 38. Kg1 Nxb4 39. Rb8 Nd3 40. Bg3 b4 41. Kf1 Rb2 42. Bd6 b3 43. Ba3 Rf2+ 44. Kg1 b2 45. Kh2 Rc2 46. Kg3 g5 47. Rb7 Kg6 48. Rb6+ f6 49. Rb7 h5 50. Rb6 Kf7 51. Rb7+ Kg6 52. Rb6 Kf5 53. Be7 h4+ 54. Kh2 Kf4 55. Rxf6+ Ke3 56. Re6+ Kf2 57. Rb6 Kf1 0-1

[Event "World Rapid Championship"]
[Site "Almaty KAZ"]
[Date "2022.12.27"]
[Round "7.5"]
[White "Daniil Dubov"]
[Black "Sarin Nihal"]
[Result "1-0"]
[EventDate "2022.12.26"]
[WhiteElo "2708"]
[BlackElo "2670"]
[PlyCount "36"]

1. d4 d5 2. c4 dxc4 3. Nf3 Nf6 4. e3 e6 5. Bxc4 c5 6. O-O a6 7. Qe2 b5 8. Bd3 cxd4 9. a4 bxa4 10. Rxa4 Be7 11. Rxd4 Qb6 12. Nbd2 Nc6 13. Rh4 Bb7 14. Nc4 Qc7 15. Bd2 O-O 16. Bc3 g6 17. Ng5 Nd5 18. Qh5 1-0

[Event "World Rapid Championship"]
[Site "Almaty KAZ"]
[Date "2022.12.27"]
[Round "9.3"]
[White "Daniil Dubov"]
[Black "Nodirbek Abdusattorov"]
[Result "1/2-1/2"]
[EventDate "2022.12.26"]
[WhiteElo "2708"]
[BlackElo "2713"]
[PlyCount "68"]

1. d4 d5 2. Nf3 Nf6 3. c4 e6 4. g3 Bb4+ 5. Nbd2 O-O 6. Bg2 b6 7. O-O Bb7 8. Ne5 Bd6 9. Ndf3 dxc4 10. Nxc4 Nbd7 11. Bg5 Be7 12. Rc1 c5 13. Nfe5 Bxg2 14. Kxg2 Nxe5 15. dxe5 Nd5 16. Bxe7 Qxe7 17. Qb3 Nb4 18. Rfd1 Rad8 19. Rd6 Rxd6 20. exd6 Qd7 21. Rd1 Rd8 22. Ne5 Qb7+ 23. f3 Nc6 24. Nxc6 Qxc6 25. Qd3 f6 26. h4 b5 27. h5 h6 28. a3 Kf8 29. g4 a5 30. Qd2 b4 31. axb4 cxb4 32. Qd4 e5 33. Qd3 a4 34. Rd2 b3 1/2-1/2

[Event "World Rapid Championship"]
[Site "Almaty KAZ"]
[Date "2022.12.26"]
[Round "1.14"]
[White "Daniil Dubov"]
[Black "Daniel Dardha"]
[Result "1-0"]
[EventDate "2022.12.26"]
[WhiteElo "2712"]
[BlackElo "2511"]
[PlyCount "86"]

1. Nf3 d5 2. g3 g6 3. Bg2 Bg7 4. O-O e5 5. d3 Ne7 6. e4 O-O 7. Nc3 d4 8. Ne2 c5 9. Nd2 Nbc6 10. a4 Be6 11. Nc4 a6 12. f4 exf4 13. gxf4 f5 14. Ng3 b5 15. exf5 Bd5 16. Bxd5+ Nxd5 17. axb5 axb5 18. Rxa8 Qxa8 19. Nd6 Qb8 20. Nde4 gxf5 21. Nxc5 Qd6 22. Nb3 Ne3 23. Bxe3 dxe3 24. c3 b4 25. d4 bxc3 26. bxc3 Ne7 27. Qf3 Qd5 28. Nc1 Rc8 29. Nce2 Qe6 30. Rc1 h6 31. Nf1 Nd5 32. c4 Nb6 33. Qxe3 Qg6+ 34. Nfg3 Rxc4 35. Qb3 Qe6 36. Rb1 Rc6 37. Nxf5 Kh7 38. Qxe6 Rxe6 39. Kf2 Bf6 40. Ne3 Rd6 41. Kf3 Kg6 42. Ng3 Nd5 43. Ne4 1-0

[Event "World Rapid Championship"]
[Site "Almaty KAZ"]
[Date "2022.12.26"]
[Round "2.10"]
[White "Alexander Moiseenko"]
[Black "Daniil Dubov"]
[Result "1/2-1/2"]
[EventDate "2022.12.26"]
[WhiteElo "2570"]
[BlackElo "2712"]
[PlyCount "34"]

1. d4 d5 2. c4 e6 3. Nf3 Nf6 4. Nc3 Be7 5. Bf4 O-O 6. e3 c5 7. dxc5 Nc6 8. a3 Bxc5 9. cxd5 Nxd5 10. Nxd5 exd5 11. Bd3 Bd6 12. Bxd6 Qxd6 13. O-O Qf6 14. Nd4 Nxd4 15. exd4 g6 16. Qa4 Qg5 17. Rfe1 Bh3 1/2-1/2

[Event "World Rapid Championship"]
[Site "Almaty KAZ"]
[Date "2022.12.26"]
[Round "3.16"]
[White "Daniil Dubov"]
[Black "Haik M Martirosyan"]
[Result "1/2-1/2"]
[EventDate "2022.12.26"]
[WhiteElo "2712"]
[BlackElo "2575"]
[PlyCount "108"]

1. d4 Nf6 2. Nf3 d5 3. c4 e6 4. g3 Bb4+ 5. Nbd2 O-O 6. Bg2 b6 7. O-O Bb7 8. Ne5 Be7 9. b3 a5 10. Bb2 a4 11. Qc2 c5 12. bxa4 Nc6 13. dxc5 Nxe5 14. Bxe5 Nd7 15. cxd5 Nxe5 16. d6 Bxg2 17. dxe7 Qxe7 18. Kxg2 Qxc5 19. Qxc5 bxc5 20. Rfc1 Rfd8 21. Ne4 Rxa4 22. Nxc5 Ra3 23. Ne4 h6 24. Rc5 Ng4 25. Rc3 Rda8 26. Rxa3 Rxa3 27. Nd6 Ne5 28. Nb5 Ra4 29. a3 Nc4 30. Rc1 g5 31. h3 Kg7 32. Rc3 Kg6 33. Kf3 h5 34. e3 Kf6 35. Ke2 Ne5 36. f4 Nc4 37. Kd3 Nb6 38. e4 Ra5 39. Rc5 h4 40. fxg5+ Kg6 41. gxh4 Nd7 42. Kd4 Nxc5 43. Kxc5 Ra4 44. e5 Rxh4 45. Nd4 Rxh3 46. a4 Kxg5 47. a5 Kf4 48. Nc6 Ra3 49. Kb6 Ke4 50. a6 Rb3+ 51. Kc5 Rc3+ 52. Kb5 Rb3+ 53. Kc5 Ra3 54. a7 Rxa7 1/2-1/2

[Event "World Rapid Championship"]
[Site "Almaty KAZ"]
[Date "2022.12.26"]
[Round "4.15"]
[White "Sebastien Maze"]
[Black "Daniil Dubov"]
[Result "0-1"]
[EventDate "2022.12.26"]
[WhiteElo "2574"]
[BlackElo "2712"]
[PlyCount "102"]

1. e4 c5 2. Nf3 e6 3. c3 d5 4. e5 d4 5. d3 Ne7 6. g3 Bd7 7. Bg2 Bc6 8. O-O Nd7 9. Re1 Nf5 10. Bf4 Be7 11. h4 dxc3 12. Nxc3 Nb6 13. Ne4 O-O 14. Rc1 c4 15. g4 Nh6 16. Bxh6 gxh6 17. dxc4 Qxd1 18. Rcxd1 Nxc4 19. b3 Nb6 20. Nd4 Bd5 21. Nf6+ Bxf6 22. exf6 Rfd8 23. g5 hxg5 24. hxg5 h6 25. f4 Rac8 26. Bf1 hxg5 27. fxg5 Rc3 28. Kf2 Nd7 29. Re3 Nc5 30. Rxc3 Ne4+ 31. Ke3 Nxc3 32. Rc1 Nxa2 33. Rc7 Nb4 34. g6 fxg6 35. Rg7+ Kf8 36. Rh7 e5 37. Nb5 Bg8 38. Rxb7 Nd5+ 39. Ke4 Re8 40. Rxa7 Nxf6+ 41. Ke3 Bxb3 42. Nd6 Re7 43. Ra8+ Kg7 44. Rb8 Bd5 45. Bb5 Ra7 46. Ne8+ Nxe8 47. Rxe8 Ra3+ 48. Kf2 Kf6 49. Be2 Be4 50. Rf8+ Kg5 51. Rb8 Bf5 0-1

[Event "MrDodgy Invitational 3"]
[Site "chess24.com INT"]
[Date "2022.11.30"]
[Round "3.1"]
[White "Daniil Dubov"]
[Black "Alexander Grischuk"]
[Result "0-1"]
[EventDate "2022.11.27"]
[WhiteElo "2708"]
[BlackElo "2745"]
[PlyCount "72"]

1. e4 e6 2. d4 d5 3. Nc3 Bb4 4. Ne2 Nc6 5. a3 Ba5 6. b4 Bb6 7. Na4 dxe4 8. Bb2 Nf6 9. c4 a6 10. c5 Ba7 11. Ng3 O-O 12. Be2 b5 13. Nc3 Nxd4 14. Ncxe4 Nxe4 15. Bxd4 Nf6 16. Bf3 Nd5 17. O-O c6 18. Be5 Bb8 19. Bxb8 Rxb8 20. Ne4 e5 21. Nd6 Be6 22. Re1 f6 23. Qd2 Qc7 24. a4 Ne7 25. h4 Rbd8 26. axb5 axb5 27. Ra6 Bd5 28. Bxd5+ Nxd5 29. Rea1 Qd7 30. h5 h6 31. g3 f5 32. Qb2 f4 33. Qxe5 fxg3 34. fxg3 Qg4 35. Rxc6 Nf4 36. Rc7 Qxg3+ 0-1

[Event "MrDodgy Invitational 3"]
[Site "chess24.com INT"]
[Date "2022.11.30"]
[Round "3.2"]
[White "Alexander Grischuk"]
[Black "Daniil Dubov"]
[Result "1-0"]
[EventDate "2022.11.27"]
[WhiteElo "2745"]
[BlackElo "2708"]
[PlyCount "62"]

1. Nf3 d5 2. g3 Nf6 3. Bg2 e6 4. O-O Be7 5. c4 O-O 6. d4 dxc4 7. Qc2 b5 8. a4 b4 9. Nfd2 Nd5 10. Nxc4 c5 11. dxc5 Ba6 12. Ne3 Nd7 13. Nxd5 exd5 14. c6 Rc8 15. Bf4 Nc5 16. Rd1 d4 17. h4 Re8 18. Bf3 Ne6 19. Be5 d3 20. exd3 Bf6 21. d4 Bxe5 22. dxe5 Nd4 23. Qe4 Nxf3+ 24. Qxf3 Qa5 25. Rd5 Qc7 26. Rd7 Qxe5 27. Qxf7+ Kh8 28. Nd2 Rf8 29. Qe7 Qxb2 30. Rb1 Qc3 31. Ne4 1-0

[Event "MrDodgy Invitational 3"]
[Site "chess24.com INT"]
[Date "2022.11.30"]
[Round "3.3"]
[White "Daniil Dubov"]
[Black "Alexander Grischuk"]
[Result "0-1"]
[EventDate "2022.11.27"]
[WhiteElo "2708"]
[BlackElo "2745"]
[PlyCount "30"]

1. e4 e6 2. Nf3 d5 3. Nc3 Nf6 4. e5 Nfd7 5. Ne2 c5 6. d4 Nc6 7. c3 cxd4 8. cxd4 f6 9. Nf4 fxe5 10. Nxe6 Qb6 11. Bb5 e4 12. Nfg5 Nf6 13. Qa4 Bd6 14. O-O h6 15. Nxg7+ Ke7 0-1